| 000 | 01328cad a22002295a 4500 | ||
|---|---|---|---|
| 001 | L139816 | ||
| 008 | 070812s2007 xxkd f s 000 0 eng d | ||
| 035 | _a(Sirsi) u139816 | ||
| 041 | 0 | _aeng | |
| 050 | 0 | 4 | _a333.33 $2 18 |
| 110 | 2 |
_aRoyal Institution of Chartered Surveyors _bEconomics _95033 |
|
| 245 | 0 | 0 |
_aRICS commercial market survey _bsecond quarter 2007 _h[electronic resource] |
| 260 |
_aLondon _bRICS _c2007 |
||
| 490 | 0 |
_aRICS Commercial Market Survey _vSecond Quarter 2007 |
|
| 520 | _aReports that business demand for commercial property remained steady in the second quarter of 2007, pushing rental expectations to a six and a half year high. The retail market is experiencing a geographical split, with investment and occupier demand picking up in London, but retail activity declining across most other UK regions. However, there is a continued upturn in industrial and office market activity, and the short term outlook for the commercial property market remains positive. | ||
| 590 | _aKA | ||
| 650 | 2 | 4 | _aRICS COMMERCIAL MARKET SURVEY UNITED KINGDOM |
| 651 | 4 |
_aUnited Kingdom _y |
|
| 690 | _aPROPERTY-COMMERCIAL PROPERTY-COMMERCIAL PROPERTY MARKET | ||
| 856 | 4 | 0 |
_uhttps://www.rics.org/site/download_feed.aspx?fileID=1341&fileExtension=PDF _zView the survey free of charge at www.rics.org |
| 942 | _n0 | ||
| 999 |
_c107355 _d107355 |
||